000 00516nam a2200169 i 4500
001 91398
003 ES-MaACL
005 20230906180719.0
007 t|
008 050131s1963 sp ||||1| spa d
100 1 _aLevin, Howard.
_971967
245 1 3 _aLa automatización y el trabajo administrativo /
_cHoward Levin ; [traducción de Fernando Liñán].
260 _aMadrid :
_bRialp,
_c1963.
300 _a180 p. :
_bil. ;
_c24 cm.
700 1 _aLiñán, Fernando.
_972473
852 _aES-MaACL
_jC-23794
_bR.52458
999 _c91398
_d91398